000 00522 a2200181 4500
003 OSt
005 20260309093409.0
008 260307b |||||||| |||| 00| 0 eng d
020 _a9788126424450
040 _coclc
082 _a869.342
_bCOE/V
100 1 _aCoelho, Paulo
_95599
245 _aVIJAYI EKANANU = THE WINNER STANDS ALONE /
_cPAULO COELHO
250 _a7th Ed.
260 _aKottayam:
_bD C Books.
_c2023,
300 _a431 pages
942 _2ddc
_cBK
_h869.342
_iCOE/V
_k869.342
_mCOE/V
999 _c44690
_d44690